000 01565nam a2200397 a 4500
003 BLK
005 20230526152854.0
008 180412b bul|||||r ||||||| ||bul||
010 _aKNG00000440000
020 _a954-8180-11-1
040 _aBLK
041 _aBUL
_cBUL
080 _b616-074/-076
_x(075.8)
_z616-074/-076(075.8)
100 1 _aКюмюрева-Лазарова, Веселка Стоянова
_eпърви автор
_986769
139 _aКюмюрева-Лазарова, Веселка Стоянова
_bК 99
245 1 0 _aКлинична лаборатория
_bУчебник за студенти по медицина : Ч. 1 -
_cВеселка Стоянова Кюмюрева-Лазарова.
_nЧ. 1
257 _aBGR
260 _aСтара Загора
_bНИС при ВИЗВМ
_c1993 -
_9210227
_n954-8180-
300 _c22 см
380 _a61
500 _aОфс. изд.
650 4 _aЛабораторна диагностика - учебници за ВУЗ
_9242094
653 _aклинична лаборатория
653 _aдиагностика
653 _aучебници
760 1 _aКюмюрева-Лазарова, Веселка Стоянова
_dНИС при ВИЗВМ, 1993
_h173 с. : с ил., сх., табл.
_tЧ. 1
852 _aЦб 175949
_bЦб
856 4 _qpdf
_u
856 4 _qpdf
_u
942 _cKNG
_n0
_04
944 _aCR
_c15.01.2003
_kТеодора_Стоянова
944 _aED
_c10.02.2007
999 _c282
_d282
999 _d282
999 _d282
999 _d282